Normal view
MARC view
- Appleman, Bernard R.
Entry Personal Name
001 - CONTROL NUMBER
- control field: 21952
003 - CONTROL NUMBER IDENTIFIER
- control field: NUST
005 - DATE AND TIME OF LATEST TRANSACTION
- control field: 20190930100424.0
008 - FIXED-LENGTH DATA ELEMENTS
- fixed length control field: 190930|| aca||aabn | a|a d
040 ## - CATALOGING SOURCE
- Original cataloging agency: NUST
- Transcribing agency: NUST
100 ## - HEADING--PERSONAL NAME
- Personal name: Appleman, Bernard R.
670 ## - SOURCE DATA FOUND
- Source citation: Work cat.: (NUST)0: Appleman, Bernard R., Bridge paint :, [1992]
